000 00280nam a2200109Ia 4500
001 588814
005 20250717120838.0
008 250717s9999 xx 000 0 und d
245 0 _aV-14 TEKNOLOJİK ÖGE AVI
_cBİRSEN EKİM ÖZEN
260 _bTİMAŞ YAYINLARI
_c2016
300 _b96
999 _c588814
_d588814